LEADER 01346nam a2200313 i 4500 001 991000822409707536 005 20020507174028.0 008 941118s1983 ||| ||| | eng 020 $a0387120041 035 $ab10761998-39ule_inst 035 $aLE01302835$9ExL 040 $aDip.to Matematica$beng 082 0 $a510 084 $aAMS 53C 084 $aQA3.L28 100 1 $aHopf, Heinz$041921 245 10$aDifferential geometry in the large :$bseminar lectures, New York University, 1946 and Stanford University, 1956 /$cHeinz Hopf ; with a preface by S. S. Chern 260 $aBerlin :$bSpringer-Verlag,$c1983 300 $avi, 184 p. :$bill. ;$c25 cm. 490 0 $aLecture notes in mathematics,$x0075-8434 ;$v1000 500 $aContents: Selected topics in geometry : New York University, 1946 / notes by Peter Lax - Differential geometry in the large : Stanford University, 1956 / notes by J. W. Gray 500 $aIncludes bibliographical references. 650 4$aGlobal differential geometry 907 $a.b10761998$b23-02-17$c28-06-02 912 $a991000822409707536 945 $aLE013 53C HOP11 (1983)$g1$i2013000013886$lle013$o-$pE0.00$q-$rl$s- $t0$u0$v0$w0$x0$y.i10857321$z28-06-02 996 $aDifferential geometry in the large$979959 997 $aUNISALENTO 998 $ale013$b01-01-94$cm$da $e-$feng$gxx $h0$i1 LEADER 01926oam 2200313z- 450 001 9910151605103321 005 20230913112557.0 010 $a1-4574-2104-6 035 $a(CKB)3710000000951789 035 $a(BIP)023522650 035 $a(Exl-AI)993710000000951789 035 $a(EXLCZ)993710000000951789 100 $a20210505c2015uuuu -u- - 101 0 $aeng 200 10$aCelebrated Piano Duets, Book 2: Late Elementary to Early Intermediate Piano Duets (1 Piano, 4 Hands) 210 $cAlfred Music 215 $a1 online resource (40 p.) 311 08$a0-7390-4278-5 330 8 $aRobert Vandall's piano duets have been favorites of students and teachers for several years. Many have been chosen for contest and festival lists. Whether performed for studio recitals, contests, festivals, or concerts with multiple pianos on a stage, these duets appeal to performers and audiences alike. Diverse musical styles are represented in each book of this series-from beautiful melodies of lilting waltzes and lyrical ballads, to the rhythmic excitement of lively dances and ragtime. Both primo and secondo are skillfully crafted to be of equal difficulty and equal interest. Melodies are shared or passed between performers. These wonderful collections will motivate duet teams to continue making music together. Titles: Central Park Ride * Chanson * Hiking Song * On Our Way * Pirouette * Village Dance. "Chanson" and "Pirouette" are Federation Festivals 2016-2020 selections. 517 $aCelebrated Piano Duets, Book 2 606 $aPiano music (4 hands)$7Generated by AI 606 $aMusic festivals$7Generated by AI 615 0$aPiano music (4 hands) 615 0$aMusic festivals 702 $aVandall$b Robert D.$4cmp 906 $aBOOK 912 $a9910151605103321 996 $aCelebrated Piano Duets, Book 2: Late Elementary to Early Intermediate Piano Duets (1 Piano, 4 Hands)$93594534 997 $aUNINA